000 00301nam a22001457a 4500
008 221019b ||||| |||| 00| 0 eng d
020 _a0201023814
041 _aeng
080 _a61
082 _a61 GIR
100 _a4
101 _aMJEK
245 _aDRUG EDUCATION
_cGIRDANO
942 _2udc
_cBK
999 _c58612
_d58612